000 00696nam a2200277Ia 4500
005 20260324115130.0
008 008 260324s9999 xx 000 0 eng d
020 _a9780429289101
037 _aEBOOK
040 _aCRL
040 _beng
040 _cCRL
041 _2eng
041 _aeng
084 _qCRL
100 _aLin Mu; Lizhe Wang; Jining Yan
_91153489
245 0 _aInformation Engineering of Emergency Treatment for Marine Oil Spill Accidents
260 _bTaylor and Francis
260 _c2019
365 _a
365 _b305
856 _uhttp://www.taylorfrancis.com/books/9780429289101
942 _cEBOOK
999 _c1744139
_d1744139